000 00770nam a2200253 a 4500
001 BRL_1871
005 20190320211416.0
008 110815s1965----sp-a######---#000-0#spa-#
041 _aspa
044 _asp
050 4 _aPR3561.S7
_b.M55 1965
100 1 _aMilton, John
_d1608-1674
_928089
245 1 0 _aEl paraiso perdido
_ctexto John Milton : ilustraciones Gustavo Doré : traductor Don Juan Escoiquiz.
250 _a3a ed.
260 _aBarcelona, España
_bEditorial Maucci
_c1965
300 _a548 p.
_bil.
_c18 cm.
500 _aAu2100
650 1 4 _aFilosofia inglesa
_ySiglo XVII
_928090
650 1 4 _aProsa inglesa
_ySiglo XVII
_928091
700 1 _aDoré, Gustavo
_eil.
_928092
700 1 _aEscoiquiz, Juan
_etr.
_928093
902 _aGRL
942 _2lcc
_cB
999 _c10679
_d10679